[Event "Muensterland Verbandsklasse-A 0809"]
[Site "Germany"]
[Date "2009.05.02"]
[Round "9.7"]
[White "Dieckmann, Werner"]
[Black "Barwinski, Frank"]
[Result "1/2-1/2"]
[WhiteElo "1832"]
[BlackElo "1652"]
[PlyCount "52"]
[EventDate "2008.09.13"]
[EventType "team-tourn"]
[EventRounds "9"]
[EventCountry "GER"]
[SourceTitle "EXT 2010"]
[Source "ChessBase"]
[SourceDate "2010.11.25"]
[SourceVersion "1"]
[SourceVersionDate "2010.11.25"]
[SourceQuality "1"]
[WhiteTeam "Telgte"]
[BlackTeam "Suedlohn II"]
[WhiteTeamCountry "GER"]
[BlackTeamCountry "GER"]

1. d4 d5 2. Nf3 e6 3. Bf4 c5 4. e3 c4 5. Be2 Bd6 6. c3 Bxf4 7. exf4 Nf6 8. 0-0 0-0 9. b3 b5 10. a4 Qa5 11. b4 Qb6 12. a5 Qc7 13. Ne5 Nfd7 14. Na3 a6 15. Nc2 Nc6 16. Ne3 f6 17. Nxc6 Qxc6 18. Bf3 f5 19. g3 Nf6 20. Ng2 Bd7 21. Nh4 Be8 22. Rc1 Bf7 23. Be2 Qe8 24. Nf3 Bh5 25. Ne5 Bxe2 26. Qxe2 Rc8 1/2-1/2

[Event "Muensterland Verbandsklasse-A 0809"]
[Site "Germany"]
[Date "2009.03.28"]
[Round "8.6"]
[White "Dieckmann, Werner"]
[Black "Mehring, Franz Josef"]
[Result "1/2-1/2"]
[WhiteElo "1832"]
[BlackElo "1658"]
[PlyCount "52"]
[EventDate "2008.09.13"]
[EventType "team-tourn"]
[EventRounds "9"]
[EventCountry "GER"]
[SourceTitle "EXT 2010"]
[Source "ChessBase"]
[SourceDate "2010.11.25"]
[SourceVersion "1"]
[SourceVersionDate "2010.11.25"]
[SourceQuality "1"]
[WhiteTeam "Telgte"]
[BlackTeam "Ibbenbueren"]
[WhiteTeamCountry "GER"]
[BlackTeamCountry "GER"]

1. d4 d5 2. Nf3 Nf6 3. Bf4 g6 4. e3 Bg7 5. Nbd2 b6 6. Bb5+ Bd7 7. a4 a6 8. Bd3 c5 9. c3 Nc6 10. h3 0-0 11. 0-0 Re8 12. Ne5 c4 13. Be2 b5 14. axb5 axb5 15. Qc2 Qb6 16. b4 Bf5 17. Qb2 Nxe5 18. Bxe5 h5 19. Ra2 Rxa2 20. Qxa2 Ne4 21. Nxe4 dxe4 22. Bg3 Be6 23. Ra1 Bd5 24. Qa7 Qxa7 25. Rxa7 Ra8 26. Rxa8+ Bxa8 1/2-1/2

[Event "Muensterland Verbandsliga 0708"]
[Site "Germany"]
[Date "2008.03.01"]
[Round "7.2"]
[White "Dieckmann, Werner"]
[Black "Kipp, Lucas"]
[Result "1/2-1/2"]
[WhiteElo "1835"]
[BlackElo "2009"]
[PlyCount "50"]
[EventDate "2007.09.08"]
[EventType "team"]
[EventRounds "9"]
[EventCountry "GER"]
[SourceTitle "EXT 2009"]
[Source "ChessBase"]
[SourceDate "2008.11.26"]
[SourceVersion "1"]
[SourceVersionDate "2008.11.26"]
[SourceQuality "1"]
[WhiteTeam "Telgte"]
[BlackTeam "Saerbeck"]
[WhiteTeamCountry "GER"]
[BlackTeamCountry "GER"]

1. d4 d5 2. Nf3 Nf6 3. Bg5 e6 4. e3 Nbd7 5. Nbd2 Be7 6. c4 c6 7. cxd5 exd5 8. Bd3 0-0 9. 0-0 h6 10. Bh4 Ne4 11. Bxe7 Qxe7 12. a3 Ndf6 13. Ne5 Ng4 14. Nxg4 Bxg4 15. Qc2 Nxd2 16. Qxd2 Rfe8 17. Rfe1 Qd7 18. Qc2 Re7 19. b4 Qd6 20. Qc5 Qxc5 21. bxc5 b6 22. Rec1 Bd7 23. Rab1 b5 24. Rb2 a5 25. Re1 Rae8 1/2-1/2

[Event "Muensterland Verbandsliga 0708"]
[Site "Germany"]
[Date "2008.01.12"]
[Round "5.2"]
[White "Dieckmann, Werner"]
[Black "Gscheidmeyer, Hans Jochen"]
[Result "0-1"]
[WhiteElo "1835"]
[BlackElo "2172"]
[PlyCount "74"]
[EventDate "2007.09.08"]
[EventType "team"]
[EventRounds "9"]
[EventCountry "GER"]
[SourceTitle "EXT 2009"]
[Source "ChessBase"]
[SourceDate "2008.11.26"]
[SourceVersion "1"]
[SourceVersionDate "2008.11.26"]
[SourceQuality "1"]
[WhiteTeam "Telgte"]
[BlackTeam "Heiden"]
[WhiteTeamCountry "GER"]
[BlackTeamCountry "GER"]

1. d4 Nf6 2. Nf3 g6 3. Nbd2 Bg7 4. e4 d6 5. Bd3 0-0 6. 0-0 Nbd7 7. c3 Nh5 8. Nc4 c5 9. a4 b6 10. Re1 Bb7 11. Qe2 a6 12. Bg5 h6 13. Bd2 b5 14. axb5 axb5 15. Rxa8 Qxa8 16. Na3 c4 17. Bb1 Qa5 18. Nc2 e5 19. dxe5 dxe5 20. Nb4 Re8 21. Be3 Ndf6 22. Nd2 Nf4 23. Bxf4 exf4 24. f3 Bf8 25. Nc2 Bc5+ 26. Kh1 Nd7 27. b4 cxb3 28. Nxb3 Qb6 29. Ncd4 b4 30. Nxc5 Qxc5 31. Nb3 Qxc3 32. Ba2 Ba6 33. Qf2 Ne5 34. Rd1 Nd3 35. Qd2 Bc4 36. Qxc3 bxc3 37. Kg1 c2 0-1